000 00583cam a2200217 a 4500
001 sa 65000530
003 DLC
005 20260227112103.0
008 940602s1963 pk 000 f urdo
010 _asa 65000530
025 _aPL480:P-U-692
035 _a(OCoLC)30538281
040 _aDLC
_cDLC
_dDLC
050 0 0 _aPK2199.A285
_bS28 1955
100 0 _aAe. Ār. K̲h̲ātūn,
_d1900-1965.
245 1 0 _aSāṛhe tīn yār /
_cAe. Ār. K̲h̲ātūn.
260 _aLāhaur :
_bĀʼīnah-yi Adab,
_c1963.
300 _a164 p. ;
_c18 cm.
500 _aNovel.
546 _aIn Urdu.
999 _c61589
_d61589